书目信息 |
| 题名: |
气体动力学基础
|
|
| 作者: | ;西北工业大学 编 | |
| 分册: | ||
| 出版信息: | 北京 国防工业出版社 1980 |
|
| 页数: | 398页 | |
| 开本: | 25cm | |
| 丛书名: | ||
| 单 册: | ||
| 中图分类: | O354 | |
| 科图分类: | ||
| 主题词: | 气体动力学--高等学校--教材 | |
| 电子资源: | ||
| ISBN: | ||
| 000 | 00665nam0 2200241 45 | |
| 001 | 0180005442 | |
| 005 | 20060820090413.29 | |
| 010 | @d¥2.60 | |
| 091 | @aCN@b15034.2040 | |
| 100 | @a19950628d1980 em y0chiy0121 ea | |
| 101 | 0 | @achi |
| 102 | @aCN@b110000 | |
| 105 | @ay z 000yy | |
| 200 | 10 | @a气体动力学基础@Aqi ti dong li xue ji chu@f西北工业大学等编 |
| 210 | @a北京@c国防工业出版社@d1980 | |
| 215 | @a398页@d25cm | |
| 300 | @a航空高等院校教材 | |
| 606 | @a气体动力学@x高等学校@x教材 | |
| 690 | @aO354@v3 | |
| 711 | 02 | @a西北工业大学@Axi bei gong ye da xue@4编 |
| 801 | 0 | @aCN@bTSSF@c20060820 |
| 801 | 2 | @aCN@bNLC@c20060815 |
| 905 | @a10447@dO354@e3 | |
| 气体动力学基础/西北工业大学等编.-北京:国防工业出版社,1980 |
| 398页;25cm |
| 航空高等院校教材 |
| ISBN :¥2.60 |
| ● |
| 相关链接 |
|
|
|
|
正题名:气体动力学基础
索取号:O354/3
 
预约/预借
| 序号 | 登录号 | 条形码 | 馆藏地/架位号 | 状态 | 备注 |
| 1 | 0461435 | 204614355 | 密集书库/ [索取号:O354/3] | 在馆 | |
| 2 | 0461436 | 204614364 | 密集书库/ [索取号:O354/3] | 在馆 | |
| 3 | 0461437 | 204614373 | 密集书库/ [索取号:O354/3] | 在馆 | |
| 4 | 0470267 | 204702679 | 密集书库/ [索取号:O354/3] | 在馆 |